000 01455cam a22002054a 4500
005 20250605164003.0
008 250528s ||||||||||||||||||||||||d
035 _a15692
020 _a201398508
040 _aGR-AtMCL
_bgre
_dGR-AtMCL
_eAACR2
245 1 _aExchange Rates and International Finance / Third Edition
250 _a3rd
260 _bFinancial Times - Prentice Hall,
_c2000
300 _a494
520 _aA clear and concise guide to the causes and consequences of exchange rate fluctuations and will enable readers to grasp the essentials of exchange rate theory and its relevance to major events in currency markets. Preface, Introduction, The International Setting, Prices in the Open Economy: Purchasing Power Parity, The Financial Markets in the Open Economy, Open Economy Macroeconomics, Exchange Rate Determination, Flexible Prices: The Monetary Model, Fixed Prices: The Mundell-Fleming Model, Sticky Prices: The Dornbusch Model, Portfolio Balance and the Current Account, Currency Substitutions, Optimum Currency Areas and Monetary Union, A World of Uncertainty, Market Efficiency and Rational Expectations, The ''News'' Model and Exchange Rate Volatility, The Risk Premium, A Certain Uncertainty: Non-linearity and Cycles and Chaos, Fixed Exchange Rates, Target Zones, Crises and Credibility, Conclusions, Bibliography, Index.
700 1 _aCopeland Laurence S
_91663
942 _cBK
999 _c1252
_d1252